| 000 | 00945nam a22002537a 4500 | ||
|---|---|---|---|
| 005 | 20170123164142.0 | ||
| 010 | _aB-095274 | ||
| 020 |
_c95.00 _a818299005 |
||
| 035 | _aB-095274 | ||
| 037 | _bCen Lib / Ret | ||
| 040 |
_aDPL _bPN |
||
| 082 |
_aਉ _bਗੁਰਚ |
||
| 100 |
_aਗੁਰਚਰਨ ਸਿੰਘ ਅਰਸ਼ੀ _9116436 |
||
| 245 |
_aਪਿਆਸ: _cਗੁਰਚਰਨ ਸਿੰਘ ਅਰਸ਼ੀ _bਨਾਵਲ / |
||
| 246 |
_aPyaas : Novel / _b by Gurcharan Singh Arshi |
||
| 260 |
_aਲੁਧਿਆਣਾਂ _bਆਰਸੀ ਪਬਲਿਸ਼ਰਜ਼ _c2004 |
||
| 270 |
_aਚਾਦਨੀ ਚੋਕ _bਦਿੱਲੀ _e110006 |
||
| 300 |
_a102p. _c21cm(Hb) |
||
| 650 |
_aਪੰਜਾਬੀ ਸਾਹਿਤ _9116437 |
||
| 650 |
_aਪੰਜਾਬੀ ਸਾਹਿਤ- ਨਾਵਲ _9116438 |
||
| 650 |
_aPunjabi Literature _9781 |
||
| 650 |
_aPunjabi Literature-Novel _91580 |
||
| 942 |
_2ddc _cPN _hਉ _mਗੁਰਚ |
||
| 999 |
_c109737 _d109737 |
||